Marketing i rynek
Na minha lista:
| Formato: | Periódico |
|---|---|
| Idioma: | polonês |
| Publicado em: |
Warszawa
Polskie Wydawnictwo Ekonomiczne
|
| Assuntos: | |
| Tags: |
Sem tags, seja o primeiro a adicionar uma tag!
|
MARC
| LEADER | 00000nas1a2200000$$$4500 | ||
|---|---|---|---|
| 001 | 0034126 | ||
| 005 | 20230510071746.8 | ||
| 022 | |a 1231-7853 | ||
| 041 | 0 | |a pol | |
| 044 | |a PL | ||
| 245 | 1 | 0 | |a Marketing i rynek |
| 264 | 1 | |a Warszawa |b Polskie Wydawnictwo Ekonomiczne | |
| 610 | 2 | 0 | |a marketing |
| 610 | 2 | 0 | |a trh |